[Event "AUTO-INT-2387"]
[Site "http://www.queenalice.com/game.php?id=1084840"]
[Date "2012.7.20"]
[Round "1"]
[White "jinkosya"]
[Black "KeeDutra"]
[Result "1-0"]
[WhiteElo "1375"]
[BlackElo "1469"]

1. d4 Nf6 2. Nf3 g6 3. Bg5 Bg7 4. Nc3 O-O 5. e4 d6 6. e5 dxe5 7. Nxe5 Nbd7 8.
Nc4 c6 9. Be2 b5 10. Ne5 b4 11. Na4 h6 12. Bf4 1-0

[Event "AUTO-INT-2387"]
[Site "http://www.queenalice.com/game.php?id=1084841"]
[Date "2012.7.20"]
[Round "1"]
[White "KeeDutra"]
[Black "jinkosya"]
[Result "0-1"]
[WhiteElo "1490"]
[BlackElo "1354"]

1. Nf3 d5 2. g3 Nc6 3. Bg2 e6 4. O-O Nf6 5. d4 Bb4 6. c3 Ba5 7. Qc2 Ne7 8. Bg5
Ng4 9. Bxe7 Qxe7 10. Qa4+ Bd7 11. Qxa5 O-O 0-1

[Event "AUTO-INT-2416"]
[Site "http://www.queenalice.com/game.php?id=1096372"]
[Date "2012.8.25"]
[Round "1"]
[White "jinkosya"]
[Black "Duduca10"]
[Result "0-1"]
[WhiteElo "1366"]
[BlackElo "1666"]

1. e4 e5 2. Nf3 Nf6 3. d3 d6 4. Bg5 Be7 5. Nc3 h6 6. Bxf6 Bxf6 7. Be2 O-O 8. Nb5
a6 9. Na3 c6 10. O-O Nd7 11. c4 b5 12. b3 b4 13. Nc2 c5 14. Nd2 Nb8 15. Nf3 Nd7
16. a4 a5 17. Nd2 Re8 18. Ne3 Nb6 19. Bg4 Ra7 20. Nf3 Bg5 21. g3 Bxe3 22. fxe3
Bxg4 23. d4 exd4 24. exd4 Rae7 25. Qd2 Bxf3 26. Rxf3 Rxe4 27. dxc5 dxc5 28. Qxd8
Rxd8 29. Raf1 f6 30. Kg2 Re2+ 31. Kh3 Rdd2 0-1

[Event "AUTO-INT-2416"]
[Site "http://www.queenalice.com/game.php?id=1096373"]
[Date "2012.8.25"]
[Round "1"]
[White "Duduca10"]
[Black "jinkosya"]
[Result "1-0"]
[WhiteElo "1670"]
[BlackElo "1362"]

1. e4 Nc6 2. d4 Nb4 3. a3 Na6 4. Nc3 e6 5. Nf3 Nf6 6. Be2 d5 7. e5 Be7 8. O-O
Ng4 9. h3 Nh6 10. Bf4 Nf5 11. Bd3 O-O 12. g4 Nh6 13. Bxh6 gxh6 14. Nh2 Bh4 15.
Nf3 Bd7 16. Nxh4 Qxh4 17. Qf3 Kh8 18. Qf6+ Qxf6 19. exf6 Rg8 20. f4 h5 21. g5 c6
22. h4 c5 23. dxc5 Nxc5 24. Be2 d4 25. Na2 Rac8 26. Rfd1 Ne4 27. Rxd4 Bc6 28.
Nb4 Ng3 29. Bd1 Nf5 30. Rd3 Bb5 31. Rh3 1-0

[Event "AUTO-INT-2416"]
[Site "http://www.queenalice.com/game.php?id=1096374"]
[Date "2012.8.25"]
[Round "1"]
[White "jinkosya"]
[Black "rocha"]
[Result "0-1"]
[WhiteElo "1383"]
[BlackElo "1562"]

1. e4 e5 2. Nf3 Qe7 3. d3 h6 4. Nc3 c6 5. d4 d6 6. d5 a6 7. Be2 f6 8. dxc6 bxc6
9. O-O g5 10. Nd2 Bb7 11. Bf3 Qf7 12. b3 Bg7 13. Bb2 Ne7 14. Nc4 d5 15. Nb6 Ra7
16. exd5 cxd5 17. Ncxd5 Bxd5 18. c4 Bxf3 19. Qd3 e4 20. Qd4 Nbc6 21. Qc5 O-O 22.
g3 Rd8 23. Na4 Rad7 24. Qe3 Qe6 25. Nb6 Rd3 26. Qc5 Rd1 0-1

[Event "AUTO-INT-2416"]
[Site "http://www.queenalice.com/game.php?id=1096375"]
[Date "2012.8.25"]
[Round "1"]
[White "rocha"]
[Black "jinkosya"]
[Result "1-0"]
[WhiteElo "1552"]
[BlackElo "1393"]

1. e4 e5 2. a3 Nf6 3. Qe2 d6 4. f3 Nc6 5. c3 d5 6. d3 d4 7. h3 Be7 8. c4 O-O 9.
g4 Na5 10. Nd2 Bd7 11. Qd1 c5 12. Rb1 Qb6 13. b3 Nc6 14. Ne2 Na5 15. Rb2 a6 16.
Bg2 Nc6 17. O-O Qa5 18. f4 exf4 19. Nxf4 b5 20. Rb1 bxc4 21. Nxc4 Qc3 22. Ne2
Nxe4 23. Nxc3 Nxc3 24. Qc2 Nxb1 25. Qxb1 Rab8 26. Bd5 Na7 27. Ne5 1-0

[Event "AUTO-INT-2416"]
[Site "http://www.queenalice.com/game.php?id=1096376"]
[Date "2012.8.25"]
[Round "1"]
[White "jinkosya"]
[Black "djoko"]
[Result "1-0"]
[WhiteElo "1396"]
[BlackElo "1444"]

1. e4 Nc6 2. Nc3 e5 3. Nf3 Nf6 4. Ng5 Ne7 5. Bc4 d5 6. exd5 Nfxd5 7. Bxd5 Nxd5
8. d3 Bb4 9. Bd2 Bxc3 10. bxc3 Nxc3 11. Qh5 g6 12. Qh6 Qd4 13. O-O Ne2+ 14. Kh1
f6 15. Nf3 Qd7 16. Rfe1 Nd4 17. Nxd4 Qxd4 18. Be3 1-0

[Event "AUTO-INT-2416"]
[Site "http://www.queenalice.com/game.php?id=1096377"]
[Date "2012.8.25"]
[Round "1"]
[White "djoko"]
[Black "jinkosya"]
[Result "0-1"]
[WhiteElo "1464"]
[BlackElo "1376"]

1. d4 Nf6 2. c4 d6 3. Nc3 e5 4. Nf3 exd4 5. Nxd4 Be7 6. e4 O-O 7. Qb3 Be6 8. f4
Na6 9. Nxe6 fxe6 10. Qxb7 Nc5 11. Qc6 Qb8 12. e5 dxe5 13. fxe5 Ng4 14. b4 Qxb4
15. Bd2 Nxe5 16. Qxc7 Ned3+ 17. Bxd3 Nxd3+ 18. Ke2 Bd6 0-1

[Event "AUTO-INT-2449"]
[Site "http://www.queenalice.com/game.php?id=1107339"]
[Date "2012.9.28"]
[Round "1"]
[White "jinkosya"]
[Black "gremioimortal"]
[Result "0-1"]
[WhiteElo "1403"]
[BlackElo "1550"]

1. e4 e5 2. d3 Nc6 3. Nf3 Bb4+ 4. Bd2 Bc5 5. Nc3 a6 6. Nd5 d6 7. Bg5 f6 8. Bh4
g5 9. Bg3 Bg4 10. Be2 h5 11. O-O h4 12. h3 Bxf3 13. Bxf3 hxg3 14. Kh1 gxf2 0-1

[Event "AUTO-INT-2449"]
[Site "http://www.queenalice.com/game.php?id=1107340"]
[Date "2012.9.28"]
[Round "1"]
[White "gremioimortal"]
[Black "jinkosya"]
[Result "1-0"]
[WhiteElo "1539"]
[BlackElo "1414"]

1. e4 Nc6 2. c3 e5 3. Bc4 Nf6 4. Qf3 d6 5. d3 Bg4 6. Qe3 Be7 7. f3 Bh5 8. Nh3
O-O 9. g4 Bg6 10. Ng5 Nd7 11. h4 h6 12. Ne6 fxe6 13. Bxe6+ Bf7 14. Bxd7 Qxd7 15.
b4 1-0

[Event "AUTO-INT-2449"]
[Site "http://www.queenalice.com/game.php?id=1107341"]
[Date "2012.9.28"]
[Round "1"]
[White "jinkosya"]
[Black "flanny"]
[Result "0-1"]
[WhiteElo "1374"]
[BlackElo "1672"]

1. e4 e5 2. Nf3 Nc6 3. Bb5 a6 4. Bc4 b5 5. Bd5 Nf6 6. Nxe5 Nxd5 7. exd5 Nxe5 8.
O-O Bb7 9. Nc3 b4 10. Ne4 Bxd5 11. Ng3 Bd6 12. Nf5 O-O 13. d4 Ng6 14. Qg4 Be6
15. Bg5 f6 16. Bh4 Bxf5 0-1

[Event "AUTO-INT-2449"]
[Site "http://www.queenalice.com/game.php?id=1107342"]
[Date "2012.9.28"]
[Round "1"]
[White "flanny"]
[Black "jinkosya"]
[Result "1-0"]
[WhiteElo "1676"]
[BlackElo "1370"]

1. e4 Nc6 2. d4 d5 3. e5 e6 4. Nf3 Bb4+ 5. Bd2 Nh6 6. c3 Ba5 7. b4 Bb6 8. Bg5
Qd7 9. g3 O-O 10. Bxh6 gxh6 11. Qd2 Ne7 12. Qxh6 Nf5 13. Qg5+ Ng7 14. Bd3 f5 15.
h4 Rf7 16. h5 Kf8 17. h6 1-0

[Event "AUTO-INT-2449"]
[Site "http://www.queenalice.com/game.php?id=1107343"]
[Date "2012.9.28"]
[Round "1"]
[White "jinkosya"]
[Black "TheAvenger"]
[Result "1-0"]
[WhiteElo "1409"]
[BlackElo "1334"]

1. e4 e5 2. Nf3 Nc6 3. Bb5 a6 4. Bc4 Nf6 5. Ng5 d5 6. O-O dxc4 7. Nc3 Be7 8. Na4
b5 9. Nc3 Bc5 10. Ne2 h6 11. Nh3 Bxh3 12. gxh3 Nxe4 13. d3 cxd3 14. cxd3 Nxf2
15. Qb3 O-O 16. Ng3 Nxh3+ 17. Kg2 Ng5 18. Bxg5 Qxg5 19. Rf5 Qd2+ 20. Kh3 1-0

[Event "AUTO-INT-2449"]
[Site "http://www.queenalice.com/game.php?id=1107344"]
[Date "2012.9.28"]
[Round "1"]
[White "TheAvenger"]
[Black "jinkosya"]
[Result "0-1"]
[WhiteElo "1348"]
[BlackElo "1395"]

1. e4 Nc6 2. d4 Nb4 3. a3 Na6 4. Nf3 e6 5. Nc3 Nf6 6. Bxa6 Ng4 7. Bc4 b6 8. h3
Nf6 9. O-O c5 10. Bg5 Qc7 11. Bxf6 gxf6 12. dxc5 bxc5 13. Re1 Bb7 14. Nb5 Qb8
15. e5 f5 16. Nd6+ Bxd6 17. exd6 Rg8 18. Be2 Bc6 19. Kh1 Qxb2 0-1